2 Corinthians : (Record no. 9676)

MARC details
000 -LEADER
fixed length control field 01270cam a22003374a 4500
001 - CONTROL NUMBER
control field 14077335
003 - CONTROL NUMBER IDENTIFIER
control field GBCCL
005 - DATE AND TIME OF LATEST TRANSACTION
control field 20241126110716.0
008 - FIXED-LENGTH DATA ELEMENTS--GENERAL INFORMATION
fixed length control field 050817s2006 ilu b 001 0 eng
010 ## -
-- 2005023918
020 ## - INTERNATIONAL STANDARD BOOK NUMBER
International Standard Book Number 1581347634
020 ## - INTERNATIONAL STANDARD BOOK NUMBER
International Standard Book Number 9781433535499 (hdbd)
035 ## - SYSTEM CONTROL NUMBER
System control number (OCoLC)ocm61445757
040 ## - CATALOGING SOURCE
Original cataloging agency DLC
Transcribing agency DLC
Modifying agency DLC
042 ## -
-- pcc
050 00 -
-- BS2675.53
-- .H84 2006
082 00 - DEWEY DECIMAL CLASSIFICATION NUMBER
Classification number 220.7
-- 227/.307
Edition information 22
Item number PRE
100 1# - MAIN ENTRY--PERSONAL NAME
Personal name Hughes, R. Kent,
Dates associated with a name 1942-
9 (RLIN) 917
245 10 - TITLE STATEMENT
Title 2 Corinthians :
Remainder of title power in weakness /
Statement of responsibility, etc. R. Kent Hughes.
246 3# -
-- Second Corinthians
260 ## - PUBLICATION, DISTRIBUTION, ETC.
Place of publication, distribution, etc. Wheaton, Ill. :
Name of publisher, distributor, etc. Crossway Books,
Date of publication, distribution, etc. c2006.
300 ## - PHYSICAL DESCRIPTION
Extent 271 p. ;
Dimensions 24 cm.
440 #0 - SERIES STATEMENT/ADDED ENTRY--TITLE
Title Preaching the Word
9 (RLIN) 16818
504 ## - BIBLIOGRAPHY, ETC. NOTE
Bibliography, etc. note Includes bibliographical references (p. [239]-256) and indexes.
630 00 - SUBJECT ADDED ENTRY--UNIFORM TITLE
Uniform title Bible.
Name of part/section of a work Corinthians, 2nd
Form subdivision Commentaries.
9 (RLIN) 12478
856 41 - ELECTRONIC LOCATION AND ACCESS
Materials specified Table of contents
Uniform Resource Identifier <a href="http://www.loc.gov/catdir/toc/ecip0518/2005023918.html">http://www.loc.gov/catdir/toc/ecip0518/2005023918.html</a>
856 42 - ELECTRONIC LOCATION AND ACCESS
Materials specified Publisher description
Uniform Resource Identifier <a href="http://www.loc.gov/catdir/enhancements/fy0912/2005023918-d.html">http://www.loc.gov/catdir/enhancements/fy0912/2005023918-d.html</a>
906 ## - LOCAL DATA ELEMENT F, LDF (RLIN)
a 7
b cbc
c orignew
d 1
e ecip
f 20
g y-gencatlg
942 ## - ADDED ENTRY ELEMENTS (KOHA)
Source of classification or shelving scheme Dewey Decimal Classification
Koha item type Reference Books
Holdings
Withdrawn status Lost status Source of classification or shelving scheme Damaged status Not for loan Home library Current Library Shelving location Date acquired Total checkouts Full call number Barcode Date last seen Copy number Price effective from Koha item type
    Dewey Decimal Classification     GRACE BIBLE COLLEGE GRACE BIBLE COLLEGE Commentary 2023-04-19   220.7 PRE 016236 2025-05-01 v.26 2023-04-19 Reference Books
© Grace Bible College Library 2025